1147 1803 1973 1569 1530 1444 1235 1518 1215 1872 1176 1909 1332 1318 1031 1919 1965 1950 1942 1216 1560 1645 1340 1311 1836 1922 1153 1909 1739 1836 1291 1950 1476 1193 1418 1889 1070 1772 1698 1967 1267 1546 1718 1907 1682 1226 1497 1229 1076 1391 1833 1472 1815 1314 1327 1045 1168 1015 1045 1342 1664 1701 1746 1134 1353 1316 1806 1089 1031 1133 1684 1955 1771 1739 1891 1544 1650 1715 1174 1218 1375 1712 1322 1802 1204 1714 1114 1741 1637 1701 1560 1082 1488 1607 1647 1188 1358 1203 1702 BCNSPRNW ULIB Ver.6.0+V

เปลี่ยนเป็นภาษาไทย

Change to English
 แสดงรายละเอียดบรรณานุกรม
  กลับหน้าหลัก

Brief Record : Get Marc (ISO 2709) : E-mail record : QR code < ปิดหน้าต่าง
LEADER : 00000nam 2200000uu 4500
001    13399125780
003     ULIB
008    170831s2560||||th 000 0 tha d
020    ^a9786164402539
060 04 ^aW15^bณ121ห
100 0  ^aณตพล ศุภณัฐเศรษฐกุล
245 10 ^aหลักพื้นฐานคำศัพท์เฉพาะทางด้านการแพทย์ =^bBasic Principle ofmedical terminology /^cณตพล ศุภณัฐเศรษฐกุล
246 31 ^aBasic principle of medical terminology
250    ^aพิมพ์ครั้งที่ 2
260    ^aพิษณุโลก :^bสำนักพิมพ์มหาวิทยาลัยนเรศวร,^c2559
300    ^a263 หน้า :^bภาพประกอบ ;^c27 ซม.
650  0 ^aEnglish language^xMedical English
650  0 ^aMedicine^xLanguage
650  2 ^aDictionaries, Medical
650  7 ^aแพทย์^xคำศัพท์
710 2  ^aมหาวิทยาลัยนเรศวร.^bคณะแพทยศาสตร์.^bภาควิชาพยาธิวิทยา
710 2  ^aหน่วยสนับสนุนการเรียนรู้ภาษาต่างประเทศทางการแพทย์
945    ^p0^l0^i003145
945    ^p0^l0^i003146
945    ^p0^l0^i003147
945    ^p0^l0^i003148
945    ^p0^l0^i003149
999    ^aประนอม เกษจรัล
รายการนี้ยังไม่มีแท็ก
คุณยังไม่ได้ล็อกอิน คุณสามารถมีกิจกรรมร่วมกับเว็บไซต์ได้ แต่ต้องล็อกอินก่อน ::
  ล็อกอิน

รายการสื่อสารสนเทศ

ลำดับที่ ประเภท เลขเรียก/บาร์โค้ด สถานที่ สถานะ
1. วิทยาศาสตร์การแพทย์ และสุขภาพ
วิทยาศาสตร์การแพทย์ และสุขภาพ
สถานะ=หนังสือเก่า
W15 ณ121ห ฉ.1 
  Barcode: 003145
ห้องสมุดวิทยาเขตสวรรค์ประชารักษ์
►ส่วนจัดเก็บหนังสือเก่า สปร
บนชั้น
  ขอยืม
2. วิทยาศาสตร์การแพทย์ และสุขภาพ
วิทยาศาสตร์การแพทย์ และสุขภาพ
สถานะ=หนังสือเก่า
W15 ณ121ห ฉ.2 
  Barcode: 003146
ห้องสมุดวิทยาเขตสวรรค์ประชารักษ์
►ส่วนจัดเก็บหนังสือเก่า สปร
บนชั้น
  ขอยืม
3. วิทยาศาสตร์การแพทย์ และสุขภาพ
วิทยาศาสตร์การแพทย์ และสุขภาพ
สถานะ=หนังสือเก่า
W15 ณ121ห ฉ.3 
  Barcode: 003147
ห้องสมุดวิทยาเขตสวรรค์ประชารักษ์
►ส่วนจัดเก็บหนังสือเก่า สปร
บนชั้น
  ขอยืม
4. วิทยาศาสตร์การแพทย์ และสุขภาพ
วิทยาศาสตร์การแพทย์ และสุขภาพ
สถานะ=หนังสือเก่า
W15 ณ121ห ฉ.4 
  Barcode: 003148
ห้องสมุดวิทยาเขตสวรรค์ประชารักษ์
►ส่วนจัดเก็บหนังสือเก่า สปร
บนชั้น
  ขอยืม
5. วิทยาศาสตร์การแพทย์ และสุขภาพ
วิทยาศาสตร์การแพทย์ และสุขภาพ
สถานะ=หนังสือเก่า
W15 ณ121ห ฉ.5 
  Barcode: 003149
ห้องสมุดวิทยาเขตสวรรค์ประชารักษ์
►ส่วนจัดเก็บหนังสือเก่า สปร
บนชั้น
  ขอยืม

รายการใกล้เคียง
    ผู้แต่ง [ณตพล ศุภณัฐเศรษฐกุล]

    หัวเรื่อง [Dictionaries, Medical]

BibComment


ยังไม่เคยถูกคอมเมนท์

คอมเมนท์ทรัพยากรรายการนี้
  คอมเมนท์: หลักพื้นฐานคำศัพ..


 Copyright 2026. Bcnsprnw @Library